Descriptive physical oceanography : (Record no. 3265)

000 -LEADER
fixed length control field 01515cam a2200457 a 4500
006 - FIXED-LENGTH DATA ELEMENTS--ADDITIONAL MATERIAL CHARACTERISTICS--GENERAL INFORMATION
fixed length control field m o d
007 - PHYSICAL DESCRIPTION FIXED FIELD--GENERAL INFORMATION
fixed length control field cr bn||||||abp
007 - PHYSICAL DESCRIPTION FIXED FIELD--GENERAL INFORMATION
fixed length control field cr bn||||||ada
008 - FIXED-LENGTH DATA ELEMENTS--GENERAL INFORMATION
fixed length control field 100311s1990 enkaf ob 001 0 eng d
020 ## - INTERNATIONAL STANDARD BOOK NUMBER
Qualifying information (soft)
020 ## - INTERNATIONAL STANDARD BOOK NUMBER
Qualifying information (soft)
020 ## - INTERNATIONAL STANDARD BOOK NUMBER
International Standard Book Number 9781483287263
Qualifying information (electronic bk.)
020 ## - INTERNATIONAL STANDARD BOOK NUMBER
International Standard Book Number 1483287262
Qualifying information (electronic bk.)
040 ## - CATALOGING SOURCE
Original cataloging agency IMU Kochi Library
Language of cataloging eng
041 0# - LANGUAGE CODE
Language code of text/sound track or separate title eng
082 04 - DEWEY DECIMAL CLASSIFICATION NUMBER
Classification number 551.46
Edition number 20
100 1# - MAIN ENTRY--PERSONAL NAME
Personal name Pickard, George L.
245 10 - TITLE STATEMENT
Title Descriptive physical oceanography :
Sub Title an introduction /
250 ## - EDITION STATEMENT
Edition statement 5th enl. ed. (in SI units).
260 ## - PUBLICATION, DISTRIBUTION, ETC. (IMPRINT)
Place of publication, distribution, etc Oxford ;
-- New York :
Name of publisher, distributor, etc Pergamon Press,
Date of publication, distribution, etc 1990.
300 ## - PHYSICAL DESCRIPTION
Extent 1 online resource (xv, 320 pages, 5 unnumbered pages of plates) :
Other physical details illustrations
504 ## - BIBLIOGRAPHY, ETC. NOTE
Bibliography, etc Includes bibliographical references (pages 301-312) and index.
650 #0 - SUBJECT ADDED ENTRY--TOPICAL TERM
Topical term or geographic name as entry element Oceanography.
650 #2 - SUBJECT ADDED ENTRY--TOPICAL TERM
Topical term or geographic name as entry element Oceanography
650 #6 - SUBJECT ADDED ENTRY--TOPICAL TERM
Topical term or geographic name as entry element Oc�eanographie.
650 #7 - SUBJECT ADDED ENTRY--TOPICAL TERM
Topical term or geographic name as entry element oceanography.
Source of heading or term aat
650 #7 - SUBJECT ADDED ENTRY--TOPICAL TERM
Topical term or geographic name as entry element Oceanography
Source of heading or term fast
700 1# - ADDED ENTRY--PERSONAL NAME
Personal name Emery, William J.
852 ## - LOCATION/CALL NUMBER
Location IMU Kochi Library
856 40 - ELECTRONIC LOCATION AND ACCESS
Uniform Resource Identifier <a href="https://www.sciencedirect.com/science/book/9780080379524">https://www.sciencedirect.com/science/book/9780080379524</a>
904 ## - LOCAL DATA ELEMENT D, LDD (RLIN)
CATALOGER Rudra Ranjan
905 ## - LOCAL DATA ELEMENT E, LDE (RLIN)
VERIFIER Rudra Ranjan
942 ## - ADDED ENTRY ELEMENTS (KOHA)
Item type E-Book
338 ## -
-- online resource
650 #2 - SUBJECT ADDED ENTRY--TOPICAL TERM
-- (DNLM)D009791
650 #6 - SUBJECT ADDED ENTRY--TOPICAL TERM
-- (CaQQLa)201-0003898
650 #7 - SUBJECT ADDED ENTRY--TOPICAL TERM
-- (CStmoGRI)aat300054553
650 #7 - SUBJECT ADDED ENTRY--TOPICAL TERM
-- (OCoLC)fst01043671

No items available.



Copyright © All Rights Reserved by Indian Maritime University, Kochi Campus.
For any Suggestions/Query Contact to library or Email: library.kochi@imu.ac.in Ph:(0484)-2989402
(Web OPAC Designed by Rudra Ranjan. Maintained by IMU Kochi Library)

Powered by Koha